Skip to content
VuFind
Login
All Fields
Title
Author
Subject
Call Number
ISBN/ISSN
Tag
Find
Advanced
Ikuthvatha
Cite this
Text this
Email this
Print
Export Record
Export to RefWorks
Export to EndNoteWeb
Export to EndNote
Export to MARC
Export to BibTeX
Export to RIS
Save to List
Permanent link
Ikuthvatha
Saved in:
Bibliographic Details
Main Author:
Kuruvita Bandara, Tilakaratne
Format:
Book
Published:
Nugegoda
Piyavi Pot Prakasakayo
1990
Tags:
Add Tag
No Tags, Be the first to tag this record!
Holdings
Description
Comments
Similar Items
Staff View
MARC
LEADER
00000nam a2200000 a 4500
020
|a
9789555570251
082
|a
891.481
100
|a
Kuruvita Bandara, Tilakaratne
245
|a
Ikuthvatha
260
|a
Nugegoda
|b
Piyavi Pot Prakasakayo
|c
1990
300
|a
i, 52p. ill 18cm.
942
|c
AFW
999
|c
120020
|d
120020
Similar Items
Wesak kalapaya
by: Kuruvita Bandara, Tilakaratne
Published: (1986)
Sannidhi
by: Bandara, Thilakarathna Kuruvita ed
Published: (2012)
Serendip : my Sri Lankan kitchen
by: Kuruvita, Peter
Serendy : Peter kuruvita my Sri Lankan kitchen
by: Kuruvita, Peter
Published: (2008)
Sampath sadena vasthu vidyava
by: Kuruvita, Gunasena
Published: (2013)